000 00544nam a2200193Ia 4500
005 20250508153257.0
008 008 250505s9999 xx 000 0 eng d
037 _aTextual
040 _aFEDL
_beng
_cFEDL
041 _aeng
_2eng
084 _a155.5, MUR
_qFEDL
100 _aMurphy Lois Barclay
245 0 _aWidening World of childhood: Paths toward mastery
260 _aNew York, USA
_bBasic Books
_c1962
300 _axiv,399p
650 _aChild psychology
942 _cTEXL
_h155.5, MUR
999 _c1341686
_d1341686